Statistics for Countries Bordering Caribbean Sea And Pacific Ocean

Click here to take the quiz!

General Stats

  • This quiz has been taken 11 times
  • The average score is 6 of 7

Answer Stats

Answer% Correct
Panama
100%
Costa Rica
100%
Honduras
90%
Nicaragua
90%
Colombia
90%
Mexico
80%
USA
80%

Score Distribution

Percentile by Number Answered

Percent of People with Each Score

Your Score History

You have not taken this quiz